Szeretet [vers] /

Elmentve itt :
Bibliográfiai részletek
Szerző: Fövényessy János
Dokumentumtípus: Cikk
Megjelent: 1937
Sorozat:Gyakorlati pedagógia 3 No. 9
Kulcsszavak:Magyar irodalom - vers
Tárgyszavak:
Online Access:http://acta.bibl.u-szeged.hu/54673
LEADER 00645nab a2200193 i 4500
001 acta54673
005 20250411121332.0
008 180424s1937 hu o 000 hun d
040 |a SZTE Egyetemi Kiadványok Repozitórium  |b hun 
041 |a hun 
100 1 |a Fövényessy János 
245 1 0 |a Szeretet   |h [elektronikus dokumentum] :  |b [vers] /  |c  Fövényessy János 
260 |c 1937 
300 |a 553 
490 0 |a Gyakorlati pedagógia  |v 3 No. 9 
650 4 |a Bölcsészettudományok 
650 4 |a Nyelvek és irodalom 
695 |a Magyar irodalom - vers 
856 4 0 |u http://acta.bibl.u-szeged.hu/54673/1/gyakorlati_1937_009_553-554.pdf  |z Dokumentum-elérés